[Event "Bundesliga 0304"]
[Site "Germany"]
[Date "2004.03.08"]
[Round "11.4"]
[White "Schandorff, Lars"]
[Black "Sandner, Gunter"]
[Result "1-0"]
[WhiteElo "2520"]
[BlackElo "2311"]
[Annotator "Roiz,M"]
[PlyCount "81"]
[EventDate "2003.11.01"]
[EventType "team-tourn"]
[EventRounds "15"]
[EventCountry "GER"]
[SourceTitle "CBM 100"]
[Source "ChessBase"]
[SourceDate "2004.06.01"]
[SourceVersion "1"]
[SourceVersionDate "2004.06.01"]
[SourceQuality "1"]
[WhiteTeam "Werder Bremen"]
[BlackTeam "Plauen"]
[WhiteTeamCountry "GER"]
[BlackTeamCountry "GER"]

1. Nf3 d5 2. d4 c6 3. c4 e6 4. Qc2 Bd6 {Black is waiting with development of
Ng8 in order to meet 5.g3 with f5.} ({The most common continuations are:} 4...
dxc4) (4... Nf6) 5. g3 ({good chanses of getting advantage promises:} 5. Bg5 $5
Ne7 (5... f6 6. Bh4 dxc4 7. Qxc4 Qb6 8. Qc2 c5 9. Bg3 Na6 10. Bxd6 Qxd6 11. e3
cxd4 12. Nxd4 Nh6 13. Nc3 Nf7 14. Rd1 O-O 15. Bd3 f5 16. a3 $14 {1-0 Ikonnikov,
V-Beikert,G/Germany 2003/EXT 2004 (68)}) 6. Nbd2 f6 (6... f5 7. e3 O-O 8. Bf4
b6 9. Rc1 Bb7 10. Be2 Ng6 11. Bxd6 Qxd6 12. c5 $14 {1-0 Gavrilov,A-Moroz,A/
Pardubice 2001/CBM 83 ext (39)}) 7. Bh4 Nf5 8. Bg3 Nxg3 9. hxg3 f5 10. e3 Nd7
11. Be2 Nf6 12. Ne5 Qa5 13. O-O $14 {1-0 Istratescu,A-Apicella,M/Avoine 2003/
CBM 95 ext (44)}) 5... f5 6. Bg2 Nf6 7. O-O O-O 8. Nc3 $5 {[%cal Ga1b1,Gc4c5,
Gb2b4] An interesting attempt to reach an advantage in a well known
theoretical position.He puts the knight on the most active position and
intending to seize a lot of space on the qside by c4-c5,b2-b4 e.t.c.Later,he
may exchange the dark-squared bishops by Bc1-f4.} ({another popular line is:} 
8. Bf4 Bxf4 9. gxf4 Bd7 {[%cal Gd7e8,Ge8h5] with a complicated strategical
struggle.See comments to 1-0 Borges Mateos,J-Agdestein,S/Capablanca mem Elite
33rd 1998 [Tyomkin,D]}) 8... Ne4 (8... a5 9. b3 Na6 10. c5 Bc7 11. Bf4 Nd7 12.
e3 h6 13. Na4 g5 14. Bxc7 Qxc7 15. h4 g4 16. Ne1 $14 {1-0 Pelletier,
Y-Kelecevic,N/Switzerland 1996/CBM 55 ext (55)}) (8... Qe8 9. Rb1 b5 10. cxb5
cxb5 11. Bf4 Bxf4 12. gxf4 Bd7 13. b4 a6 14. e3 Nc6 15. Ne1 Rc8 16. Nd3 $14 {
1-0 Schandorff,L-Hansen,L/Denmark 1997/EXT 99 (39)}) (8... Qe7 9. Rb1 (9. a3
Bd7 10. Ne5 Be8 11. Bg5 h6 (11... Nbd7 $142 12. f4 Bh5) 12. Bxf6 gxf6 13. Nf3
Na6 14. c5 Bc7 15. e3 Rd8 16. b4 Rf7 17. Nh4 Rg7 18. Rfb1 $14 {1-0 Chekhov,
V-Chigvintsev,A/Moscow 1999/CBM 70 (70)}) 9... Nbd7 (9... Ne4 10. b4 {-8...Ne4.
}) 10. Bf4 Bxf4 11. gxf4 dxc4 12. b3 cxb3 13. Qxb3 Rd8 14. Rfc1 Nb6 15. e3 Bd7
16. Ne5 Be8 17. Rc2 Nfd7 18. Nd3 $44 {1-0 Dobrov,V-Kurnosov,I/Rybinsk 2001/EXT
2002 (33)}) 9. Rb1 Qe7 $6 {In my opinion,it was better to do without that move,
since black cannot prevent b2-b4 anyway.} (9... Nd7 10. b4 Ndf6 11. b5 (11. c5
$5 Bc7 12. a4) 11... Nxc3 12. Qxc3 cxb5 13. c5 Ne4 14. Qc2 Be7 15. Rxb5 b6 16.
cxb6 Bd7 17. Rb2 axb6 $11 {1/2-1/2 Stefansson,H-Radjabov,T/Torshavn 2000/CBM
78 ext (40)}) 10. b4 Nd7 ({It's obviously,that white has at least a sufficient
compensation for a pawn after:} 10... Bxb4 11. Nxe4 dxe4 12. Bg5 Qd7 13. Rxb4
exf3 14. Bxf3 Qxd4 15. Rb3 $44 {due to his development advantage and pair of
the bishops.His dark-squared bishop is especially strong.}) (10... Bd7 11. b5
Nxc3 12. Qxc3 cxb5 13. cxb5 $6 (13. cxd5 $142 $1 exd5 14. Ne5 $36 Bc6 $140 15.
Nxc6 bxc6 16. Rxb5 $1 cxb5 17. Bxd5+ Kh8 18. Bxa8 Qxe2 19. Bb2 $16) 13... Rc8
14. Qd3 a6 15. bxa6 bxa6 16. Bg5 Qe8 17. Rfc1 Bb5 $11 {1/2-1/2 Mattick,
L-Gleizerov,E/Berlin 1996/CBM 54 ext (32)}) 11. b5 Ndf6 (11... Nxc3 12. Qxc3
cxb5 13. cxd5 exd5 14. Rxb5 Nb6 15. Ne5 Be6 16. f4 Rfc8 17. Qd3 $14 {1-0
Matveeva,S-Thipsay,B/Jakarta 1993/EXT 97 (45)}) 12. c5 {The most logical-white
has already started to advance his pawns on the qside,so black has no time for
counterplay by g7-g5.} ({less promised} 12. bxc6 bxc6 13. cxd5 Nxc3 14. Qxc3
cxd5 {1/2-1/2 Huzman,A-Soppe,G/Yerevan 1996/EXT 97 (31)} 15. Bf4 Ne4 16. Qa5
Qd8 {and black is close to equality in the endgame.}) 12... Bc7 13. Bf4 $1 {
Exchanging the main defender of the dark squares.} Bxf4 (13... Nxc3 14. Qxc3
Ne4 $6 15. Qe3 Bxf4 16. gxf4 Bd7 17. bxc6 Bxc6 18. Ne5 g5 19. f3 gxf4 20. Qxf4
Nc3 21. Rb2 $16 {1-0 Gual Pascual,A-Moncayo Romero,E/Barcelona 2001/CBM 84 ext
(46)}) 14. gxf4 Nxc3 (14... Qc7 15. Nxe4 fxe4 16. Ne5 Nd7 17. Qd2 Nxe5 18. fxe5
Bd7 19. bxc6 bxc6 20. Bh3 Rf7 21. Rb3 Raf8 22. f4 exf3 23. Rbxf3 Rxf3 24. Rxf3
Rxf3 25. exf3 $14 {1-0 Borne,N-Peyrat,O/Bagneux 1999/EXT 2000 (76)}) 15. Qxc3
Bd7 16. a4 {Keeping the pressure.} ({after} 16. bxc6 Bxc6 17. Ne5 Rab8 18. Rb4
Qc7 19. Rfb1 Nd7 $14 {black has a defensible position.}) 16... Ne4 {An
inaccuracy-there was no reason for letting white to exchange his knight in
future.} (16... Rfc8 $142 17. Ne5 Be8 18. Rb3 Rc7 19. Rfb1 Kh8 $14 {[%cal
Gh7h6,Gg7g5] In this position black is solid enough and may try to reach some
counterplay on the kside.}) 17. Qc2 Rfc8 18. Ne5 Be8 19. Bxe4 {Opening a
second front and exchanging black's most active piece.} dxe4 ({after} 19...
fxe4 20. f3 b6 {The only attempt of getting counterplay-otherwise black's
position is lost} 21. bxc6 bxc5 22. Rb7 Qf8 {white can force an endgame,in
which he has an excellent chanses of a win:} 23. Qxc5 Qxc5 24. dxc5 Bxc6 25.
Nxc6 Rxc6 26. fxe4 Rxc5 27. f5 $1 $16 {[%csl Rg8]}) 20. f3 {I am not sure that
now white has to make this move,since after bxc6 black's bishop will be active.
} ({I would prefer:} 20. Kh1 $5 cxb5 21. axb5 a6 22. b6 Bc6 23. Rg1 $14 {
[%cal Gg1g3,Gb1g1] with a serious pressure.}) 20... exf3 ({black could try} 
20... b6 {but after} 21. Rfc1 $1 ({only not} 21. bxc6 $2 Bxc6 22. cxb6 Bd5 {
[%csl Gd5] and black is O.K}) 21... cxb5 22. axb5 exf3 23. exf3 Qh4 24. Qd2 $16
{white has a large advantage,mainly due to domination of his Ne5.}) 21. Rxf3
cxb5 {That is more or less forced-otherwise white will occupy the ''b'' file
and penetrate.} 22. axb5 a6 $1 {Black has to get control on c6.} {After this
move black's defence will be easy-he has only one weakness.} 23. bxa6 $6 ({
better was:} 23. b6 Bc6 24. Nxc6 Rxc6 25. Rg3 Qd7 26. Qc4 $14 {[%cal Gg1f2,
Gb1g1,Gh2h4] with a long and quite unpleasant pressure.}) 23... Rxa6 24. Qb2
Rc7 25. Rb3 Ra7 {Black's rooks are passive,but white has only to worry about
his king,since Ra7 may be useful on the ''a'' file.} 26. Rb6 Bc6 {The point is
that now it's very for white to make progress-his pieces are at the best
positions.} 27. Qb3 ({nothing gives} 27. Nxc6 bxc6 28. Rb8+ Kf7 $11) 27... h6
28. Qg3 Be4 $1 {Now white's next move is practically forced,since the rook
shouldn't move.} 29. Qg6 (29. R1b2 $2 Rxc5 $1 $17 {[%csl Rg1]}) (29. Rf1 Ra2
$132) 29... Bd5 {[%cal Ga7a8] Now black is ready to activate his rooks,since
b7 is protected well.} 30. c6 Ra8 $4 {A terrible move! After an excellent
defence black gives an important pawn without any reason!} (30... Qf6 $142 31.
cxb7 Raxb7 $11) (30... Be4 $142 31. cxb7 Raxb7 $11) 31. Rxb7 Rxb7 (31... Bxc6 {
fails to} 32. Nxc6 $18) 32. Rxb7 Qf6 33. Qxf6 gxf6 34. Ng6 $18 {Now the game
is over-black cannot stop the ''c'' pawn.} Ra1+ 35. Kf2 Rc1 36. Rd7 {The rest
is an agony-black has no any chanses.} Bxc6 37. Rc7 Be8 38. Rxc1 Bxg6 39. Rc7
Bf7 40. Ke3 Kg7 41. Kd3 {[%mdl 20]} 1-0

[Event "RUS-ch 53rd"]
[Site "Samara"]
[Date "2000.06.22"]
[Round "6"]
[White "Tregubov, Pavel V"]
[Black "Iljushin, Alexei"]
[Result "0-1"]
[WhiteElo "2615"]
[BlackElo "2515"]
[Annotator "Tyomkin,D"]
[PlyCount "66"]
[EventDate "2000.06.03"]
[EventType "swiss"]
[EventRounds "11"]
[EventCountry "RUS"]
[SourceTitle "CBM 078"]
[Source "ChessBase"]
[SourceDate "2000.10.18"]
[SourceVersion "1"]
[SourceVersionDate "2000.10.18"]
[SourceQuality "1"]

1. d4 e6 2. c4 f5 3. g3 Nf6 4. Bg2 c6 5. Nf3 d5 6. O-O Bd6 7. Bf4 Bxf4 8. gxf4
O-O 9. Nbd2 Bd7 {It looks like correct way of development-black bishop should
be moved to the diagonal e8-h5 as fast as it possible.} 10. Qb3 (10. Ne5 Be8
11. Qb3 Qb6 12. Qe3 Bh5 13. f3 Kh8 14. c5 Qd8 15. b4 Na6 16. Rab1 Nc7 17. a4
Be8 18. Nd3 $14 {1/2-1/2 Gaprindashvili,N-Zatonskih,A/Batumi 2000/CBM 76 ext 
(70)}) 10... Qb6 (10... b5 {'?!' Schussler: After 10. - b6 White is only
slightly better.} 11. c5 a5 12. Ne5 Be8 13. Kh1 Ra7 14. Rg1 Bh5 15. Bf3 $1 $16
{1-0 Levitt,J-Tisdall,J/London 1990/CBM 18/[Schussler] (26)}) (10... Qc8 11.
Ne5 Be8 12. Kh1 Bh5 13. f3 Nbd7 14. Rac1 Kh8 15. e4 dxe4 16. fxe4 Nxe5 17. dxe5
{1/2-1/2 Levitt,J-Hansen,L/Graested 1990/CBM 16 ext (17)}) 11. Rfc1 $146 {
White intends to play on the queenside.} (11. e3 Be8 12. Qxb6 (12. Qc2 Nbd7 13.
Ne5 Bh5 14. Rab1 Qb4 15. c5 Nxe5 16. dxe5 Nd7 17. Rfc1 Be2 $11 {1-0 Plischki,
S-Iljushin,A/Pardubice 1996/CBM 55 ext (74)}) 12... axb6 13. Ne5 Bh5 14. Bf3
Bxf3 15. Ndxf3 Na6 {White is slightly better in this ending, but it should be
draw. 1/2-1/2 Nikolic,P-Salov,V/Leningrad 1987/CBM 03 (42)}) 11... Be8 12. Qe3
Bf7 13. Rab1 Qb4 {Queen has nothing to do on the queenside, so Iljushin moves
it to e7 by this strange way.} 14. a3 Qe7 15. b4 $14 a6 16. a4 Nbd7 17. c5 Ne4
18. Nb3 (18. Nxe4 fxe4 19. Ne5 Nxe5 20. fxe5 Bh5 $11) 18... Bh5 19. Na5 $2 (19.
Ne1 $142 {[%cal Ge1d3,Yf2f3]}) 19... Ra7 {White is not able to open the
queenside now, because of the knight a5 is unprotected.} 20. Rb2 Bxf3 $1 {
Black is already better- after the last strong decision, black begins an
action over the kingside. g7-g5 is coming on.} 21. Qxf3 (21. Bxf3 g5 $1 $15)
21... g5 $1 22. e3 Kh8 23. fxg5 Nxg5 24. Qf4 e5 $1 25. dxe5 Nxe5 26. h4 $2 $19
{It just creates more weaknesses.} (26. Rd1 Qf6 $17 {[%cal Re5d3,Ge5g6,Yf5f4]})
26... Ne4 {Black doesn't want (ot he just missed?) to win an exchange, but he
wins h-pawn this way.} (26... Ngf3+ 27. Bxf3 Qg7+ {[%cal Ge5d3]}) 27. Rd1 Ng6
28. Qh6 Nxh4 29. f3 $6 {White helps the opponent to finish the game faster!}
Ng5 $1 {[%csl Re3,Rf3]} 30. Kh1 Nhxf3 31. Bxf3 Nxf3 32. Rf1 Ne5 33. Qh5 Ng4 {
Very poor play has been shown by European Champion-2000 in this game.} 0-1

[Event "Excelsior Cup"]
[Site "Gothenburg"]
[Date "1997.??.??"]
[Round "3"]
[White "Ziegler, Ari"]
[Black "Gleizerov, Evgeny"]
[Result "0-1"]
[WhiteElo "2455"]
[BlackElo "2545"]
[Annotator "Tyomkin,D"]
[PlyCount "114"]
[EventDate "1997.01.??"]
[EventType "tourn"]
[EventRounds "9"]
[EventCountry "SWE"]
[EventCategory "9"]
[SourceTitle "CBM 057"]
[Source "ChessBase"]
[SourceDate "1997.04.01"]
[SourceVersion "1"]
[SourceVersionDate "1997.04.01"]
[SourceQuality "1"]

1. d4 e6 2. c4 f5 3. g3 Nf6 4. Bg2 c6 5. Nf3 d5 6. O-O Bd6 7. Bf4 Bxf4 8. gxf4
O-O 9. e3 Qe7 10. Nbd2 Ne4 (10... Nbd7 $6 11. Rc1 Kh8 12. Ne5 Rg8 13. Kh1 g5
14. fxg5 Rxg5 15. f4 Rg7 16. Qe1 Nxe5 17. dxe5 Ne4 18. Bxe4 dxe4 19. c5 $16 {
Hsu Li Yang-Reinderman,D/Groningen op 1992/1-0 (55)}) 11. Nxe4 $146 (11. Qc2
Nd7 12. Nxe4 (12. Rac1 Kh8 13. Kh1 Rf6 14. Ng5 Nxd2 15. Qxd2 $14 {Namgilov
Sogto-Ulibin Mikhail/Ch Russia, Elista (Russia) 1995/1/2-1/2 (59)}) 12... fxe4
13. Nd2 Nf6 14. f3 exf3 15. Nxf3 Bd7 16. Ne5 Be8 17. Rf3 Nd7 18. Rh3 h6 19. Ng4
$14 {Novikov,I-Kramnik,V/URS-ch58 Moscow 1991/1/2-1/2}) (11. Ne5 Nd7 12. Bxe4
fxe4 13. Kh1 Nxe5 14. dxe5 Bd7 15. Rg1 Be8 $11 {Bernard,C-Elbilia,J/Paris-ch
1992 (24)/1/2-1/2}) 11... fxe4 12. Nd2 (12. Ne5 $6 Nd7 13. f3 Nxe5 14. fxe5
exf3 15. Rxf3 Bd7 $11 {[%cal Gd7e8,Ge8g6,Ge7b4]}) 12... Bd7 13. f3 exf3 14.
Nxf3 Be8 15. Qb3 dxc4 16. Qxc4 Nd7 17. Ne5 $6 {White should keep more pieces
on the board,because he has advantage in space} (17. b4 Bg6 18. Ng5 Rae8 $14) (
17. Ng5 $142 Rf6 18. b4 $14 (18. f5 Bf7 $13)) 17... Nxe5 18. dxe5 Bf7 19. Rad1
Rad8 20. Bf3 {[%cal Gf3h5]} h6 21. b4 Rxd1 22. Rxd1 Rd8 23. Rd4 Qh4 24. Rxd8+
Qxd8 25. Qc3 Qh4 26. Qd2 Bg6 27. a3 Kh7 28. e4 $6 (28. Bd1 $10 {[%cal Gd1c2]})
28... Bh5 29. Bg2 (29. Bxh5 Qxh5 30. Qe3 $10) 29... Qg4 30. Qe3 Qd1+ 31. Kf2
Qc2+ 32. Kg3 (32. Kg1 Qd1+ 33. Kf2 Qc2+ $10) 32... Bg6 33. Bf3 b6 34. h4 h5 (
34... c5 35. bxc5 bxc5 36. h5 Bf7 37. f5 a5 38. Bg4 exf5 39. exf5 c4 40. e6 (
40. f6 gxf6 (40... Bd5 $2 41. e6 Qg2+ 42. Kh4 Qh2+ 43. Bh3 Qb2 44. Bf5+ Kh8 45.
e7 g5+ 46. hxg6 Qxf6+ 47. Kg4 h5+ 48. Kxh5 $18) 41. exf6 Qb3 42. Kf4 (42. Kf2
Qb2+ 43. Kg3 Qxf6 $17) (42. Kf3 Kg8 $15) 42... Kg8 43. Qc5 Qb8+ 44. Kf3 Qd8 $15
) 40... Be8 41. Qe5 Qd3+ 42. Kh4 Qd2 43. f6 Qf2+ 44. Kh3 Qxf6 45. Qxa5 c3 46.
Qd5 Qf1+ 47. Kh2 Qf2+ 48. Kh3 c2 (48... Qf1+ $10) 49. Qf5+ Qxf5 50. Bxf5+ Kg8
51. Bxc2 Bxh5 $10) 35. Qe2 Qb1 36. Bxh5 Qg1+ 37. Kh3 Qh1+ 38. Kg3 Bxe4 39. Bg4
Qg1+ 40. Kh3 Qh1+ 41. Kg3 Qg1+ 42. Kh3 Bd5 43. f5 $2 (43. Bf3 $10) 43... Qc1
44. fxe6 (44. Qd3 Qh1+ 45. Kg3 Qe1+ (45... Be4 46. Qe2 exf5 47. Bxf5+ Bxf5 48.
Qh5+ $10) 46. Kh3 (46. Kf4 Kh6 $1 47. fxe6 Qf2+ 48. Bf3 Qxh4+ 49. Ke3 Qg3 50.
Ke2 Qxe5+ $19) 46... Be4 $19) 44... Qxa3+ 45. Kh2 Qxb4 46. Bf5+ Kg8 47. Bh7+ (
47. Qh5 Qd2+ 48. Kg3 Qe3+ $19) 47... Kh8 (47... Kxh7 $4 48. Qh5+ Kg8 49. Qe8+
$10) 48. Kg3 Bxe6 49. Bd3 Kg8 50. h5 Qd4 51. Bg6 b5 52. Bc2 a5 53. Bg6 a4 54.
Qe1 b4 55. Qe2 Bc4 56. Qe1 Qc3+ 57. Qxc3 bxc3 0-1